Antigennyje varianty virusov kompleksa kleščevogo encefalita, vyjavlenije s pomoščju syvorotki rekonvalescenta i monoklonaľnych antitel

Bibliographic Details
Main Authors: Grešíková, Milota, 1928- (Author), Sekeyová, M. (Author)
Format: Article
Language:Russian
PhysicalDescription:Tb. 4., lit. 11 zázn. v ruš., angl.
Subjects:

MARC

LEADER 00000nab a2200000 a 4500
001 vtls000289290
003 SK-MaSNL
005 20260319074903.0
008 160204c1987 xo 0 rus
015 |a SNBRB19rr/mm-uuuuu 
035 |a CL0299409 
040 |a SNKBUCL  |b slo  |c SNKBUCL  |e AACR2 
041 0 |a rus 
044 |a xo  |c SK 
080 |a 578.82/.83:616.831-002  |2 1981 
080 |a 616.831-002  |2 1981 
100 1 |a Grešíková, Milota,  |d 1928-  |4 aut  |9 213810 
245 1 0 |a Antigennyje varianty virusov kompleksa kleščevogo encefalita, vyjavlenije s pomoščju syvorotki rekonvalescenta i monoklonaľnych antitel  |c M. Grešíková, M. Sekeyová 
300 |b Tb. 4., lit. 11 zázn. v ruš., angl. 
650 0 7 |a vírusy encefalitídy kliešťovej  |2 snkbucl  |9 939868 
655 7 |a články z novín a časopisov  |2 snkbucl  |9 267496 
700 1 |a Sekeyová, M.  |4 aut  |9 922467 
773 0 |t Acta virologica  |g Roč. 31, č. 2 (1987), s. 152-157 
850 |a Slovenská národná knižnica v Martine  |a MTA001 
852 |a SNK  |b KIS3GCP 
958 |a NB 
958 |a RK 
992 |a RBX 
999 |c 1506245  |d 1508175